1606 1439 1118 1187 1678 1502 1663 1642 1088 1305 1879 1983 1672 1815 1527 1311 1199 1428 1300 1374 1385 1230 1160 1921 1500 1281 1813 1533 1444 1175 1285 1105 1237 1803 1148 1517 1051 1581 1620 1460 1728 1497 1005 1025 1377 1422 1687 1147 1060 1463 1126 1742 1727 1390 1826 1466 1592 1093 1993 1048 1319 1032 1998 1931 1130 1266 1374 1434 1332 1447 1674 1711 1876 1864 1924 1239 1382 1249 1452 1438 1575 1839 1714 1049 1096 1203 1409 1036 1720 1154 1813 1887 1665 1576 1317 1699 1719 1840 1810 BCNSPRNW ULIB Ver.6.0+V

เปลี่ยนเป็นภาษาไทย

Change to English
 แสดงรายละเอียดบรรณานุกรม
  กลับหน้าหลัก

Brief Record : Get Marc (ISO 2709) : E-mail record : QR code < ปิดหน้าต่าง
LEADER : 00000nam 2200000uu 4500
001    13399110221
003     ULIB
008    110426s2551||||th 000 0 tha d
020    9789745980563
060  4 WL704^bส293น 2551
245 00 แนวทางเวชปฏิบัติภาวะปวดเหตุพยาธิสภาพประสาท พ.ศ. 2551 =^bClinical practicr guide line for neuropathic pain /^cจัดทำโดย สมาคมการศึกษาเรื่องความปวดแห่งประเทศไทย
246 31 Clinical practicr guide line for neuropathic pain
260    กรุงเทพฯ :^bสมาคม,^c2551
300    ก-ฉ, 42 หน้า :^bภาพประกอบ
650  4 ความเจ็บปวด^xการรักษา
710 2  สมาคมการศึกษาเรื่องความปวดแห่งประเทศไทย
945    ^p0^l0^i025179
995    ทศพร
999 ^a ใช้งานได้ทุกระบบ
รายการนี้ยังไม่มีแท็ก
คุณยังไม่ได้ล็อกอิน คุณสามารถมีกิจกรรมร่วมกับเว็บไซต์ได้ แต่ต้องล็อกอินก่อน ::
  ล็อกอิน

รายการสื่อสารสนเทศ

ลำดับที่ ประเภท เลขเรียก/บาร์โค้ด สถานที่ สถานะ
1. วิทยาศาสตร์การแพทย์ และสุขภาพ
หนังสือสำรอง
สถานะ=หนังสือสำรอง
WL704 ส293น 2551 ฉ.1 
  Barcode: 025179
ห้องสมุดวิทยาเขตสวรรค์ประชารักษ์
►ส่วนจัดเก็บหนังสือเก่า สปร
บนชั้น
  ขอยืม

BibComment


ยังไม่เคยถูกคอมเมนท์

คอมเมนท์ทรัพยากรรายการนี้
  คอมเมนท์: แนวทางเวชปฏิบัติภ..


 Copyright 2026. Bcnsprnw @Library